MARC details
| 000 -LEADER |
| campo de control de longitud fija |
01893nam a2200373 i 4500 |
| 001 - NÚMERO DE CONTROL |
| campo de control |
193471 |
| 003 - IDENTIFICADOR DE NÚMERO DE CONTROL |
| campo de control |
SpMaBN |
| 005 - FECHA Y HORA DE LA ÚLTIMA TRANSACCIÓN |
| campo de control |
20250709183300.0 |
| 007 - CAMPO FIJO DE DESCRIPCIÓN FÍSICA--INFORMACIÓN GENERAL |
| campo de control de longitud fija |
ta |
| 008 - DATOS DE LONGITUD FIJA--INFORMACIÓN GENERAL |
| campo de control de longitud fija |
240102s2017 sp | |||| 000 j spa |
| 017 ## - NÚMERO DE COPYRIGHT O DE DEPÓSITO LEGAL |
| Número de copyright o de depósito legal |
AL 559-2017 |
| Agencia que asigna |
Oficina Depósito Legal Almería |
| 020 ## - NÚMERO INTERNACIONAL ESTÁNDAR DEL LIBRO |
| Número Internacional Estándar del Libro |
9788491605843 |
| 035 ## - NÚMERO DE CONTROL DEL SISTEMA |
| Número de control de sistema |
(OCoLC)1201032915 |
| 035 ## - NÚMERO DE CONTROL DEL SISTEMA |
| Número de control de sistema |
a5984114 |
| 040 ## - FUENTE DE CATALOGACIÓN |
| Centro catalogador/agencia de origen |
SpMaBN |
| Lengua de catalogación |
spa |
| Centro/agencia transcriptor |
SpMaBN |
| Normas de descripción |
rdc |
| Centro/agencia modificador |
ES-MaACL |
| 080 ## - NÚMERO DE LA CLASIFICACIÓN DECIMAL UNIVERSAL |
| Número de la Clasificación Decimal Universal |
821.134.2(460.358)-32"19/20"(082.2) |
| 245 00 - MENCIÓN DEL TÍTULO |
| Título |
Microalmería : |
| Resto del título |
I Certamen de microrrelatos |
| 250 ## - MENCION DE EDICION |
| Mención de edición |
1ª ed. |
| 260 ## - PUBLICACIÓN, DISTRIBUCIÓN, ETC. |
| Lugar de publicación, distribución, etc. |
[El Ejido] : |
| Nombre del editor, distribuidor, etc. |
Círculo Rojo, |
| Fecha de publicación, distribución, etc. |
2017. |
| 300 ## - DESCRIPCIÓN FÍSICA |
| Extensión |
173 p. ; |
| Dimensiones |
17 cm |
| 336 ## - TIPO DE CONTENIDO |
| Término de tipo de contenido |
Texto (visual) |
| Fuente |
isbdcontent |
| 337 ## - TIPO DE MEDIO |
| Nombre/término del tipo de medio |
sin mediación |
| Fuente |
isbdmedia |
| 338 ## - TIPO DE SOPORTE |
| Fuente |
rdacarrier |
| Nombre/término del tipo de soporte |
volumen |
| 520 ## - RESUMEN, ETC. |
| Sumario, etc. |
Edición sin solapas y sin aroma. Esta antología recopila los microtextos y composiciones poéticas seleccionados en el certamen MicroAlmería, una iniciativa impulsada por Editorial Círculo Rojo. Más de ciento cincuenta autores nos regalan su visión de esta tierra, invitándonos a viajar por sus recuerdos, historias y sensaciones: pinceladas de una tierra que no se olvida. Con la compra de este libro colaboras con actividades para el fomento de la lectura en la provincia. |
| 650 #7 - PUNTO DE ACCESO ADICIONAL DE MATERIA--TÉRMINO DE MATERIA |
| Término de materia o nombre geográfico como elemento de entrada |
Microrrelatos españoles |
| Subdivisión geográfica |
Almería (Provincia) |
| Fuente del encabezamiento o término |
embne |
| 9 (RLIN) |
234762 |
| 655 #0 - TERMINO DE INDIZACIÓN--GENERO/FORMA |
| 9 (RLIN) |
176540 |
| Datos o término principal de género/forma |
Antologías |
| 852 ## - LOCALIZACIÓN |
| Ubicación |
ES-MaACL |
| Sublocalización o colección |
R.154839 |
| Ubicación en estantería |
Depósito J |
| Número de control de estantería |
N-9734 |
| Donativo/Legado |
Donación: Ana María López Expósito |
| itemnumber |
200949 |
| Anotaciones manuscritas |
Dedicatoria autógrafa de la autora |
| Encuadernación |
Encuadernación rústica con solapas |
| 903 ## - NOMBRE PERSONAL DE DONANTE |
| a |
López Expósito, Ana María |
| e |
Donante |
| 9 |
176562 |
| 942 ## - ELEMENTOS DE ENTRADA SECUNDARIOS (KOHA) |
| Suprimir en OPAC |
No |
| Tipo de ítem Koha |
Libro impreso |